top 500 nba players 2025 - Statistics

General Stats
  • This quiz has been taken 602 times
    465 since last reset
  • The average score is 225 of 500
Answer Stats
Rk Player PSP PSPPG Age Team Pos G % Correct
1 Nikola Jokic 5271 64.28 29 DEN C 82
96%
2 Shai Gilgeous-Alexander 4525 52.87 26 OKC PG 86
96%
9 LeBron James 3762 50.16 40 LAL SF 75
95%
3 Giannis Antetokounmpo 4224 57.69 30 MIL PF 73
94%
4 James Harden 4118 47.88 35 LAC PG 86
93%
5 Trae Young 4041 51.84 26 ATL PG 78
93%
26 Luka Doncic 2945 53.55 25 DAL,LAL PG 55
92%
16 Stephen Curry 3353 42.29 36 GSW PG 79
92%
8 Jayson Tatum 3957 49.46 26 BOS PF 80
91%
7 Anthony Edwards 3973 44.64 23 MIN SG 89
90%
295 Bruce Brown 716 17.46 28 NOP,TOR PG 41
90%
6 Cade Cunningham 3978 52.34 23 DET PG 76
90%
18 Donovan Mitchell 3241 40.51 28 CLE SG 80
90%
13 Jalen Brunson 3439 45.25 28 NYK PG 76
90%
32 Jaylen Brown 2811 38.51 28 BOS SF 73
90%
283 Justin Edwards 792 18 21 PHI SF 44
90%
373 Kessler Edwards 406 10.15 24 DAL SF 40
90%
435 Kobe Brown 226 5.26 25 LAC PF 43
90%
465 Moses Brown 134 10.31 25 DAL,IND C 13
90%
297 Seth Curry 711 10.46 34 CHO SG 68
90%
11 Tyrese Haliburton 3549 42.76 24 IND PG 83
90%
344 Ajay Mitchell 493 12.36 22 OKC SG 40
89%
114 Davion Mitchell 1758 21.69 26 MIA,TOR PG 80
89%
15 Devin Booker 3369 44.92 28 PHO SG 75
89%
10 Karl-Anthony Towns 3628 43.71 29 NYK C 83
89%
226 A.J. Green 1080 13.65 25 MIL SG 79
88%
64 Draymond Green 2291 28.21 34 GSW PF 81
88%
27 Jalen Green 2939 33.02 22 HOU SG 89
88%
23 Jalen Williams 3101 39.33 23 OKC SG 79
88%
281 Javonte Green 805 10.88 31 CLE,NOP SG 74
88%
265 Jaylin Williams 890 15.89 22 OKC PF 56
88%
414 Jeff Green 284 8.11 38 HOU PF 35
88%
246 Josh Green 983 14.46 24 CHO SG 68
88%
325 Brandon Williams 575 15.58 25 DAL PG 35
87%
48 Coby White 2557 34.15 24 CHI SG 75
87%
340 Cody Williams 500 10 20 UTA SG 50
87%
33 Derrick White 2809 32.66 30 BOS SG 86
87%
390 Grant Williams 353 22.06 26 CHO PF 16
87%
22 Jamal Murray 3104 39.29 27 DEN PG 79
87%
474 Jeenathan Williams 108 4.7 25 HOU SG 23
87%
104 Keegan Murray 1819 23.64 24 SAC PF 77
87%
251 Kenrich Williams 961 13.25 30 OKC PF 73
87%
312 Kris Murray 657 9.52 24 POR SF 69
87%
156 Mark Williams 1422 32.32 23 CHO C 44
87%
215 Patrick Williams 1134 17.95 23 CHI PF 64
87%
396 Robert Williams 322 16.1 27 POR C 20
87%
14 Tyler Herro 3386 40.52 25 MIA SG 83
87%
358 Vince Williams Jr. 441 14.6 24 MEM SG 32
87%
205 Ziaire Williams 1177 18.68 23 BRK SF 63
87%
12 Alperen Sengun 3445 41.51 22 HOU C 83
86%
52 Amen Thompson 2472 32.53 22 HOU SF 76
86%
153 Ausar Thompson 1427 21.95 22 DET SF 65
86%
19 Bam Adebayo 3217 38.26 27 MIA C 84
86%
191 Dejounte Murray 1273 41.06 28 NOP PG 31
86%
17 Domantas Sabonis 3265 46.13 28 SAC C 71
86%
124 Klay Thompson 1681 22.51 34 DAL SF 74
86%
50 Anthony Davis 2479 46.71 31 DAL,LAL PF,C 53
85%
463 Bronny James 136 4.69 20 LAL SG 29
85%
39 Jaren Jackson Jr. 2734 34.12 25 MEM C 80
85%
20 Josh Hart 3202 36.39 29 NYK SG 88
85%
24 Pascal Siakam 3080 35 30 IND PF 88
85%
409 Tristan Thompson 291 6.77 33 CLE C 43
85%
51 Jalen Duren 2475 29.46 21 DET C 84
84%
59 Ja Morant 2342 42.64 25 MEM PG 55
84%
451 Johnny Davis 161 4.74 22 WAS SG 34
84%
131 Kawhi Leonard 1630 37.05 33 LAC SF 44
84%
233 Trayce Jackson-Davis 1054 14.85 24 GSW C 71
84%
40 Damian Lillard 2716 43.93 34 MIL PG 62
83%
30 Evan Mobley 2846 36.03 23 CLE PF 79
83%
35 Zach LaVine 2770 36.88 29 CHI,SAC SF,SG 75
83%
29 Austin Reaves 2897 37.14 26 LAL SG 78
82%
58 Chris Paul 2354 28.71 39 SAS PG 82
82%
25 Darius Garland 3027 37.84 25 CLE PG 80
82%
45 De'Aaron Fox 2657 42.85 27 SAC,SAS PG 62
82%
21 Ivica Zubac 3160 36.32 27 LAC C 87
82%
211 Jared Butler 1146 19.1 24 PHI,WAS SG,PG 60
82%
46 Jarrett Allen 2609 28.67 26 CLE C 91
82%
55 Jimmy Butler 2426 35.85 35 GSW,MIA SF,PF 67
82%
28 Julius Randle 2910 36.84 30 MIN PF 79
82%
37 Mikal Bridges 2746 29.53 28 NYK SF 93
82%
57 Miles Bridges 2366 36.97 26 CHO PF 64
82%
349 Antonio Reeves 471 10.7 24 NOP SG 44
81%
31 DeMar DeRozan 2832 36.18 35 SAC SF 78
81%
198 Grayson Allen 1221 19.08 29 PHO SG 64
81%
43 Kevin Durant 2674 43.13 36 PHO PF 62
81%
350 Craig Porter Jr. 470 8.25 24 CLE PG 57
80%
109 Kevin Porter Jr. 1787 22.34 24 LAC,MIL SG 80
80%
47 Michael Porter Jr. 2566 28.83 26 DEN SF 89
80%
60 Paolo Banchero 2318 44.63 22 ORL PF 52
80%
176 Paul George 1335 32.56 34 PHI PF 41
80%
68 Rudy Gobert 2274 27.73 32 MIN C 82
80%
41 Franz Wagner 2707 41.11 23 ORL SF 66
79%
382 GG Jackson II 379 12.97 20 MEM PF 30
79%
129 Harrison Barnes 1646 20.07 32 SAS PF 82
79%
74 Keyonte George 2187 32.64 21 UTA PG 67
79%
178 Kyshawn George 1331 19.57 21 WAS SG 68
79%
314 Moritz Wagner 654 21.8 27 ORL C 30
79%
44 Scottie Barnes 2666 41.02 23 TOR PF 65
79%
319 Andre Jackson Jr. 633 9.07 23 MIL SG 70
78%
487 Isaiah Jackson 84 16.8 23 IND C 5
78%
392 Quenton Jackson 338 12.07 26 IND PG 28
78%
412 Reggie Jackson 287 9.26 34 PHI PG 31
78%
42 Russell Westbrook 2675 31.1 36 DEN PG 86
78%
65 Tyrese Maxey 2289 44.02 24 PHI PG 52
77%
75 Victor Wembanyama 2186 47.52 21 SAS C 46
77%
146 Jalen Johnson 1493 41.47 23 ATL SF 36
76%
63 Myles Turner 2294 27.98 28 IND C 82
76%
116 Aaron Gordon 1736 27.56 29 DEN PF 63
75%
356 AJ Johnson 447 15.38 20 MIL,WAS SG 30
75%
111 Cameron Johnson 1783 31.28 28 BRK PF 57
75%
348 Eric Gordon 480 12.31 36 PHI SG 39
75%
36 Josh Giddey 2767 38.9 22 CHI PG 71
75%
128 Keldon Johnson 1671 21.7 25 SAS SF 77
75%
135 Keon Johnson 1598 20.23 22 BRK SG 79
75%
480 Keshad Johnson 91 5.06 23 MIA SF 19
75%
77 LaMelo Ball 2175 46.28 23 CHO PG 47
75%
38 Nikola Vucevic 2742 37.11 34 CHI C 74
75%
34 Desmond Bane 2803 37.12 26 MEM SG 75
74%
305 Lonzo Ball 679 19.4 27 CHI PG 35
74%
123 Jrue Holiday 1688 24.46 34 BOS PG 69
73%
53 OG Anunoby 2466 29.01 27 NYK PF 85
73%
80 Isaiah Hartenstein 2081 31.03 26 OKC C 67
72%
318 Aaron Holiday 634 9.75 28 HOU PG 65
71%
142 Kristaps Porzingis 1531 29.44 29 BOS C 52
71%
83 Kyrie Irving 2025 40.5 32 DAL SG 50
71%
195 Chet Holmgren 1228 29.95 22 OKC C 41
70%
79 Fred VanVleet 2081 31.06 30 HOU PG 67
69%
166 Jabari Smith Jr. 1376 21.5 21 HOU PF 64
69%
69 Payton Pritchard 2268 25.2 27 BOS PG 90
69%
87 Brook Lopez 1999 23.21 36 MIL C 86
68%
212 Dorian Finney-Smith 1138 16.74 31 BRK,LAL PF 68
68%
445 Dru Smith 196 14 27 MIA SG 14
68%
228 Jalen Smith 1074 16.75 24 CHI C 65
68%
61 Jordan Poole 2313 34.01 25 WAS SG 68
68%
62 Naz Reid 2306 25.62 25 MIN C 90
68%
240 Nick Smith Jr. 1032 17.2 20 CHO SG 60
68%
475 Tyler Smith 107 4.65 20 MIL PF 24
68%
177 Zion Williamson 1335 44.5 24 NOP PF 30
68%
127 Aaron Wiggins 1674 19.66 26 OKC SG 86
67%
91 Andrew Wiggins 1939 29 29 GSW,MIA SF 66
67%
54 Christian Braun 2444 26.86 23 DEN SG 91
67%
67 Anfernee Simons 2276 32.51 25 POR SG 70
66%
210 Ben Simmons 1152 20.57 28 BRK,LAC PG 56
66%
137 Bradley Beal 1555 29.34 31 PHO SG 53
66%
94 CJ McCollum 1919 34.27 33 NOP PG 56
66%
384 Colby Jones 371 9.51 22 SAC,WAS SG 39
66%
172 Derrick Jones Jr. 1357 16.15 27 LAC SF 84
66%
376 Dillon Jones 403 7.2 23 OKC SF 57
66%
352 Herbert Jones 459 22.95 26 NOP SF 20
66%
432 Isaac Jones 235 5.75 24 SAC PF 41
66%
372 Kai Jones 411 10.28 24 DAL,LAC C 40
66%
260 Khris Middleton 920 24.86 33 MIL,WAS SF 37
66%
70 Stephon Castle 2247 27.74 20 SAS PG 81
66%
269 Tre Jones 877 19.07 25 CHI,SAS PG 46
66%
89 Tyus Jones 1960 24.2 28 PHO PG 81
66%
280 Joel Embiid 809 42.58 30 PHI C 19
65%
49 Dyson Daniels 2539 32.53 21 ATL SG 78
64%
71 Jaden McDaniels 2243 24.38 24 MIN PF 92
64%
115 Kyle Kuzma 1742 24.89 29 MIL,WAS PF 70
64%
170 Lauri Markkanen 1360 28.94 27 UTA PF 47
64%
154 Duncan Robinson 1427 18.01 30 MIA SF 80
63%
393 Gary Harris 333 6.21 30 ORL SG 54
63%
378 Mitchell Robinson 398 14.21 26 NYK C 28
63%
121 Nickeil Alexander-Walker 1698 18.46 26 MIN SG 92
63%
299 Orlando Robinson 710 16.14 24 SAC,TOR C 44
63%
81 Tobias Harris 2048 25.92 32 DET PF 79
63%
93 Andrew Nembhard 1928 25.71 25 IND SG 75
61%
296 Brandon Ingram 713 39.61 27 NOP SF 18
61%
107 Dillon Brooks 1793 21.87 29 HOU SF 82
61%
428 Keion Brooks Jr. 246 17.57 24 NOP SF 14
61%
66 RJ Barrett 2280 39.31 24 TOR SF 58
61%
150 Al Horford 1453 20.76 38 BOS C 70
60%
204 Deandre Ayton 1180 29.5 26 POR C 40
60%
125 Mike Conley 1679 20.73 37 MIN PG 81
60%
86 Norman Powell 2001 29.87 31 LAC SG 67
59%
266 Cam Thomas 887 35.48 23 BRK SG 25
58%
72 Dennis Schroder 2205 27.22 31 BRK,DET,GSW PG,SG 81
58%
112 Devin Vassell 1779 27.8 24 SAS SG 64
58%
381 Dwight Powell 383 6.93 33 DAL C 56
58%
227 Brandon Clarke 1080 16.88 28 MEM PF 64
57%
206 Clint Capela 1168 21.24 30 ATL C 55
57%
56 Deni Avdija 2409 33.46 24 POR SF 72
57%
402 Jaylen Clark 310 7.38 23 MIN SG 42
57%
97 Jonas Valanciunas 1888 23.22 32 SAC,WAS C 82
57%
144 Luguentz Dort 1505 18.63 25 OKC SF 81
57%
213 Aaron Nesmith 1137 20.67 25 IND SF 55
56%
136 D'Angelo Russell 1567 27.02 28 BRK,LAL PG 58
56%
113 Alex Sarr 1771 26.43 19 WAS C 67
55%
110 Scoot Henderson 1786 27.06 20 POR PG 66
55%
218 Alex Caruso 1123 17.7 30 OKC SG 64
54%
126 Anthony Black 1678 19.86 21 ORL PG 84
54%
391 Devin Carter 340 8.92 22 SAC PG 37
54%
235 Jalen Suggs 1050 30 23 ORL PG 35
54%
217 Jerami Grant 1129 24.02 30 POR PF 47
54%
411 Jevon Carter 288 8 29 CHI PG 36
54%
132 Wendell Carter Jr. 1624 21.81 25 ORL C 74
54%
96 Brandin Podziemski 1895 24.74 21 GSW SG 77
53%
243 Day'Ron Sharpe 992 19.84 23 BRK C 50
53%
181 John Collins 1324 33.1 27 UTA PF 40
53%
76 Malik Monk 2185 33.62 26 SAC SG 65
53%
157 Rui Hachimura 1420 22.19 26 LAL PF 64
53%
78 Shaedon Sharpe 2133 29.63 21 POR SG 72
53%
247 Zach Collins 979 15.23 27 CHI,SAS PF,C 65
53%
95 Collin Sexton 1911 30.33 26 UTA SG 63
52%
160 Daniel Gafford 1402 24.11 26 DAL C 59
52%
117 De'Andre Hunter 1731 24.04 27 ATL,CLE SF 72
52%
271 Dereck Lively II 863 23.06 20 DAL C 38
52%
73 Onyeka Okongwu 2194 28.66 24 ATL C 76
52%
275 Steven Adams 839 12.91 31 HOU C 65
52%
92 T.J. McConnell 1929 21.67 32 IND PG 89
52%
139 Zach Edey 1554 21.27 22 MEM C 72
52%
256 Brandon Miller 944 34.96 22 CHO SF 27
51%
122 Donte DiVincenzo 1693 23.51 28 MIN SG 72
51%
102 Jakob Poeltl 1824 32 29 TOR C 57
51%
397 Jordan Miller 320 8 25 LAC SF 40
51%
120 P.J. Washington 1713 29.18 26 DAL PF 59
51%
489 TyTy Washington Jr. 83 5.19 23 PHO PG 16
51%
118 Walker Kessler 1716 29.59 23 UTA C 58
51%
169 Cole Anthony 1365 18.39 24 ORL PG 73
50%
239 Jordan Clarkson 1034 27.95 32 UTA SG 37
50%
119 Nic Claxton 1715 24.5 25 BRK C 70
50%
99 Trey Murphy III 1863 35.15 24 NOP SF 53
50%
145 Zaccharie Risacher 1498 19.77 19 ATL SF 77
50%
309 DeAndre Jordan 662 10.51 36 DEN C 63
49%
317 Jabari Walker 637 10.62 22 POR SF 60
49%
232 Jarace Walker 1054 12.4 21 IND PF 85
49%
167 Jonathan Kuminga 1373 24.96 22 GSW PF 55
49%
366 Lonnie Walker IV 425 21.25 26 PHI SG 20
49%
106 Buddy Hield 1794 19.03 32 GSW SG 95
48%
224 Immanuel Quickley 1090 33.03 25 TOR PG 33
48%
258 Jaden Ivey 929 30.97 22 DET SG 30
48%
179 Kentavious Caldwell-Pope 1329 16.04 31 ORL SG 83
48%
316 Marcus Smart 643 18.91 30 MEM,WAS PG 34
48%
155 Tim Hardaway Jr. 1423 17.14 32 DET SG 83
48%
85 Bennedict Mathurin 2017 24.9 22 IND SF 81
47%
152 Cason Wallace 1430 18.43 21 OKC SG 78
47%
367 Keaton Wallace 417 13.45 25 ATL PG 31
47%
357 Kyle Lowry 441 12.6 38 PHI PG 35
47%
190 Max Strus 1276 21.63 28 CLE SF 59
46%
82 Scotty Pippen Jr. 2038 24.01 24 MEM PG 85
46%
196 Gradey Dick 1224 22.67 21 TOR SG 54
45%
199 Isaiah Stewart 1220 16.71 23 DET C 73
45%
143 Bobby Portis 1509 27.57 29 MIL PF 55
44%
208 Jusuf Nurkic 1155 22.65 30 CHO,PHO C 51
44%
203 Bogdan Bogdanovic 1184 19.41 32 ATL,LAC SG 61
43%
187 Jeremy Sochan 1297 24.02 21 SAS PF 54
43%
133 Kelly Oubre Jr. 1612 26.87 29 PHI SF 60
43%
499 Trey Alexander 69 2.88 21 DEN SG 24
43%
416 Kevin Love 279 12.13 36 MIA PF 23
42%
130 Obi Toppin 1636 18.38 26 IND PF 89
42%
88 Quentin Grimes 1968 26.24 24 DAL,PHI SG 75
42%
292 Andre Drummond 728 18.2 31 PHI C 40
41%
270 Jaxson Hayes 868 14.47 24 LAL C 60
41%
164 Kel'el Ware 1390 19.81 20 MIA C 70
41%
461 Killian Hayes 142 23.67 23 BRK PG 6
41%
188 Luke Kornet 1279 15.41 29 BOS C 83
41%
207 Nick Richards 1162 20.39 27 CHO,PHO C 57
41%
159 Max Christie 1412 17.87 21 DAL,LAL SG 80
40%
184 Kevin Huerter 1303 18.65 26 CHI,SAC SG 70
39%
200 Kevon Looney 1216 13.76 28 GSW C 89
39%
180 Miles McBride 1328 17.71 24 NYK PG 75
39%
171 Moses Moody 1359 15.62 22 GSW SG 87
39%
285 Ben Sheppard 775 10.92 23 IND SG 71
38%
162 Kris Dunn 1398 17.26 30 LAC PG 81
38%
84 Malik Beasley 2023 22.99 28 DET SG 88
38%
337 Reed Sheppard 515 9.36 20 HOU PG 55
38%
249 Ryan Dunn 976 13.19 22 PHO SF 74
38%
138 Caris LeVert 1555 23.42 30 ATL,CLE SG,SF 66
37%
192 Donovan Clingan 1261 18.82 20 POR C 67
37%
332 Elfrid Payton 531 22.13 30 CHO,NOP PG 24
37%
252 Gary Payton II 955 12.84 32 GSW SG 74
37%
175 Isaiah Joe 1346 16.07 25 OKC SG 84
37%
100 Toumani Camara 1848 23.69 24 POR PF 78
37%
282 Caleb Martin 802 17.6 29 DAL,PHI SF 47
36%
267 Cody Martin 880 16.6 29 CHO,PHO SF 53
36%
272 Dean Wade 852 12.53 28 CLE PF 68
36%
273 Gabe Vincent 844 10.96 28 LAL PG 77
36%
163 Gary Trent Jr. 1391 17.37 26 MIL SG 80
36%
449 Jaylen Martin 165 10.31 21 BRK,WAS SF 16
36%
331 KJ Martin 534 12.42 24 PHI,UTA PF,SF 43
36%
103 Santi Aldama 1823 25.72 24 MEM PF 71
36%
241 Tyrese Martin 1029 17.15 25 BRK SG 60
36%
134 Yves Missi 1599 21.9 20 NOP C 73
36%
141 Bilal Coulibaly 1538 26.07 20 WAS SF 59
35%
183 Keon Ellis 1314 16.28 25 SAC SG 81
35%
194 Matas Buzelis 1248 15.35 20 CHI SF 81
35%
197 Peyton Watson 1223 15.29 22 DEN SF 80
35%
234 Sam Hauser 1052 13.49 27 BOS PF 78
35%
148 Tari Eason 1469 22.95 23 HOU PF 64
35%
238 Terance Mann 1035 15.22 28 ATL,LAC SG 69
35%
403 Tre Mann 310 23.85 23 CHO PG 13
35%
214 Mason Plumlee 1136 15.35 34 PHO C 74
34%
98 Spencer Dinwiddie 1866 23.62 31 DAL PG 81
34%
90 Bub Carrington 1951 23.79 19 WAS PG 82
33%
140 Guerschon Yabusele 1541 22.01 29 PHI C 70
33%
329 Jared McCain 543 23.61 20 PHI SG 23
33%
108 Naji Marshall 1792 25.2 27 DAL SF 71
33%
105 Ty Jerome 1803 22.82 27 CLE SG 79
33%
189 Jaime Jaquez Jr. 1277 18.51 23 MIA SF 70
32%
158 Jaylen Wells 1413 17.89 21 MEM SG 79
32%
263 Nicolas Batum 899 10.58 36 LAC PF 85
32%
231 Nikola Jovic 1057 21.14 21 MIA PF 50
32%
341 Paul Reed 498 9.96 25 DET C 50
32%
165 Taurean Prince 1386 16.16 30 MIL SF 86
32%
186 Terry Rozier 1302 20.34 30 MIA PG 64
32%
222 Dalton Knecht 1094 13.68 23 LAL SF 80
31%
161 Goga Bitadze 1400 19.1 25 ORL C 74
31%
101 Isaiah Collier 1824 25.69 20 UTA PG 71
31%
182 Jose Alvarado 1321 23.59 26 NOP PG 56
31%
401 Maxi Kleber 312 8.91 33 DAL,LAL PF 35
31%
301 Neemias Queta 709 10.91 25 BOS C 65
31%
287 Quinten Post 758 13.65 24 GSW PF 55
31%
303 Talen Horton-Tucker 690 11.67 24 CHI SG 59
31%
261 Thomas Bryant 915 12.04 27 IND,MIA C 76
31%
343 Jarred Vanderbilt 496 12.1 25 LAL PF 41
30%
354 Jett Howard 455 7.46 21 ORL SF 62
30%
470 Markieff Morris 126 8.4 35 DAL,LAL PF 15
30%
351 Monte Morris 469 10.42 29 PHO PG 45
30%
221 Cameron Payne 1110 13.37 30 NYK PG 83
29%
185 Luke Kennard 1303 18.8 28 MEM SG 70
29%
321 Malcolm Brogdon 610 25.42 32 WAS PG 24
29%
254 Kyle Anderson 955 14.75 31 GSW,MIA PF,SF 65
28%
168 Georges Niang 1372 16.71 31 ATL,CLE PF 81
27%
294 Isaac Okoro 720 11.25 24 CLE SG 64
27%
250 Jonathan Isaac 971 12.5 27 ORL PF 77
27%
149 Royce O'Neale 1456 19.41 31 PHO SF 75
27%
264 Kelly Olynyk 898 20.41 33 NOP,TOR C 44
26%
289 Ryan Rollins 745 12.63 22 MIL PG 59
26%
291 Adem Bona 731 12.6 21 PHI C 58
25%
201 Ayo Dosunmu 1204 26.17 25 CHI SG 46
25%
345 Rob Dillingham 486 9.92 20 MIN PG 49
25%
244 Ron Holland 986 11.47 19 DET SF 86
25%
441 Cam Spencer 214 8.56 24 MEM SG 25
24%
498 Joe Ingles 74 3.89 37 MIN SF 19
24%
151 Julian Champagnie 1451 17.7 23 SAS SF 82
24%
399 Pat Spencer 319 6.79 28 GSW PG 47
24%
365 Bol Bol 426 11.83 25 PHO PF 36
23%
220 Jake LaRavia 1118 16.94 23 MEM,SAC PF 66
23%
173 Jalen Wilson 1354 17.14 24 BRK PF 79
23%
219 Justin Champagnie 1119 18.05 23 WAS SF 62
23%
362 Landry Shamet 431 7.7 27 NYK SG 56
23%
444 Patty Mills 204 6.8 36 LAC,UTA PG 30
23%
229 Tristan Da Silva 1066 13.96 23 ORL SF 77
23%
216 Corey Kispert 1132 18.56 25 WAS SF 61
22%
452 Dario Saric 160 10 30 DEN C 16
22%
471 De'Anthony Melton 125 20.83 26 GSW SG 6
22%
284 Jaden Hardy 780 13.68 22 DAL SG 58
22%
442 Jordan Walsh 214 3.82 20 BOS PF 56
22%
495 Josh Richardson 77 9.63 31 MIA SG 8
22%
415 Alex Len 279 5.81 31 LAL,SAC C 48
21%
274 Chris Boucher 841 16.82 32 TOR PF 50
21%
290 Jay Huff 732 11.09 26 MEM C 67
21%
335 Josh Okogie 528 13.2 26 CHO,PHO SG 40
21%
248 Julian Strawther 978 13.58 22 DEN SG 72
21%
147 Kyle Filipowski 1480 20.56 21 UTA C 72
21%
370 Larry Nance Jr. 415 17.29 32 ATL PF 24
21%
447 Marcus Bagley 178 17.8 23 PHI SF 10
21%
405 Marvin Bagley III 297 8.64 25 MEM,WAS PF,C 34
21%
420 Matisse Thybulle 262 17.47 27 POR SG 15
21%
342 Pat Connaughton 497 11.25 32 MIL SG 45
21%
488 Pete Nance 83 6.38 24 MIL,PHI PF,C 13
21%
236 Sam Merrill 1049 13.28 28 CLE SG 79
21%
430 Anthony Gill 238 4.67 32 WAS PF 51
20%
466 Damion Lee 131 5.24 32 PHO SG 25
20%
311 Gui Santos 658 9.88 22 GSW PF 67
20%
413 Hunter Tyson 286 5.2 24 DEN PF 55
20%
369 Jaylon Tyson 415 8.14 22 CLE SG 51
20%
423 Bones Hyland 260 10.83 24 LAC,MIN PG 24
19%
385 Dante Exum 367 16.7 29 DAL PG 22
19%
209 Haywood Highsmith 1153 14.28 28 MIA SF 80
19%
496 Jaylen Sims 76 12.67 26 CHO SG 6
19%
364 Jericho Sims 427 7.36 26 MIL,NYK C 58
19%
436 Luka Garza 226 5.51 26 MIN C 41
19%
458 Markelle Fultz 147 7 26 SAC PG 22
19%
293 Noah Clowney 726 15.78 20 BRK PF 46
19%
336 Richaun Holmes 523 16.87 31 WAS PF 31
19%
419 Tyler Kolek 264 6.29 23 NYK PG 42
19%
286 Cam Whitmore 771 14.28 20 HOU SF 54
18%
276 Simone Fontecchio 834 11.12 29 DET SF 75
18%
242 Trey Lyles 1008 14.42 29 SAC PF 70
18%
476 Xavier Tillman Sr. 107 3.24 26 BOS C 33
18%
300 Dalen Terry 709 9.63 22 CHI SG 74
17%
308 Drew Eubanks 670 10.47 27 LAC,UTA C 64
17%
361 Jae'Sean Tate 432 8.31 29 HOU SF 52
17%
174 Jamal Shead 1348 17.97 22 TOR PG 75
17%
377 Zeke Nnaji 402 6.48 24 DEN PF 62
17%
375 Bismack Biyombo 403 14.39 32 SAS C 28
16%
338 Cory Joseph 510 9.02 33 ORL PG 56
16%
278 Ja'Kobe Walter 824 15.85 20 TOR SG 52
16%
360 Jock Landale 436 10.14 29 HOU C 43
16%
237 Moussa Diabate 1039 14.63 23 CHO C 71
16%
202 Ochai Agbaji 1193 18.64 24 TOR SG 64
16%
400 Ousmane Dieng 315 8.29 21 OKC C 38
16%
262 Precious Achiuwa 905 14.84 25 NYK C 61
16%
417 Terrence Shannon Jr. 276 7.46 24 MIN SG 37
16%
464 Tony Bradley 136 7.56 27 IND C 18
16%
230 Amir Coffey 1058 14.69 27 LAC SG 72
15%
193 Brice Sensabaugh 1256 17.69 21 UTA SF 71
15%
288 Marcus Sasser 751 13.18 24 DET PG 57
15%
327 Pelle Larsson 550 9.32 23 MIA SG 59
15%
302 Sandro Mamukelashvili 707 11.59 25 SAS PF 61
15%
315 Shake Milton 652 11.05 28 BRK,LAL SG 59
15%
279 Tidjane Salaun 824 13.73 19 CHO PF 60
15%
310 Alec Burks 660 12.74 33 MIA SG 52
14%
355 Collin Gillespie 454 13.76 25 PHO PG 33
14%
379 Delon Wright 392 9.56 32 MIL,NYK PG 41
14%
446 Doug McDermott 189 4.5 33 SAC SF 43
14%
386 Duop Reath 364 7.91 28 POR C 46
14%
353 John Konchar 458 8.62 28 MEM SG 52
14%
387 Mo Bamba 359 11.22 26 LAC,NOP C 32
14%
424 Cam Reddish 258 7.82 25 LAL SF 33
13%
346 Daniel Theis 484 12.74 32 NOP C 38
13%
426 Johnny Furphy 248 4.51 20 IND SG 55
13%
255 Jordan Hawkins 947 16.91 22 NOP SG 56
13%
427 Jordan McLaughlin 247 5.37 28 SAC,SAS PG 46
13%
429 Torrey Craig 243 8.1 34 BOS,CHI SF 30
13%
259 Vit Krejci 929 16.21 24 ATL PG 59
13%
462 Ariel Hukporti 141 5.42 22 NYK C 26
12%
450 Garrett Temple 163 5.82 38 TOR SG 28
12%
473 Kobe Bufkin 113 11.3 21 ATL SG 10
12%
383 Malaki Branham 375 7.98 21 SAS SG 47
12%
456 MarJon Beauchamp 150 4.29 24 LAC,MIL,NYK SF 36
12%
437 Maxwell Lewis 225 8.04 22 BRK,LAL SF 28
12%
347 Mouhamed Gueye 481 13.67 22 ATL PF 35
12%
406 Taj Gibson 296 8 39 CHO C 37
12%
268 Trendon Watford 879 19.98 24 BRK PF 44
12%
389 Wendell Moore Jr. 354 9.83 23 CHO,DET SG 36
12%
484 Yuki Kawamura 88 4 23 MEM PG 22
12%
313 KJ Simpson 655 18.19 22 CHO PG 36
11%
339 Lindy Waters III 508 9.77 27 DET,GSW SG 52
11%
500 PJ Hall 67 3.53 22 DEN C 19
11%
320 Vasilije Micic 629 15.34 31 CHO,PHO PG 41
11%
491 Vlatko Cancar 81 5.06 27 DEN PF 16
11%
418 Baylor Scheierman 268 7.88 24 BOS SG 34
10%
363 Caleb Houstan 428 6.75 22 ORL SF 64
10%
490 Chris Livingston 82 3.52 21 MIL SF 24
10%
223 Dalano Banton 1091 16.28 25 POR PG 67
10%
404 Dominick Barlow 306 8.46 21 ATL SF 36
10%
324 Garrison Mathews 601 12.79 28 ATL SG 47
10%
298 Jamison Battle 710 12.03 23 TOR SF 59
10%
225 Jonathan Mogbo 1081 17.16 23 TOR PF 63
10%
307 Julian Phillips 671 8.49 21 CHI SF 80
10%
472 Kevin Knox 116 6.11 25 GSW SF 19
10%
459 Lamar Stevens 146 7.68 27 MEM PF 20
10%
359 Olivier-Maxence Prosper 439 8.44 22 DAL PF 52
10%
323 Svi Mykhailiuk 602 15.84 27 UTA SF 38
10%
328 Blake Wesley 549 9.47 21 SAS SG 58
9%
448 Dariq Whitehead 174 8.7 20 BRK SF 20
9%
469 Drew Peterson 127 5.08 25 BOS PF 25
9%
440 Jalen Hood-Schifino 219 14.6 21 LAL,PHI SG 15
9%
334 Jalen Pickett 528 9.43 25 DEN SG 56
9%
371 Jordan Goodwin 412 12.48 26 LAL PG 33
9%
433 Josh Minott 233 4.85 22 MIN SF 48
9%
306 Oso Ighodaro 676 11.08 22 PHO PF 61
9%
407 Rayan Rupert 295 5.67 20 POR SG 52
9%
374 A.J. Lawson 403 15.5 24 TOR SG 26
8%
277 Brandon Boston Jr. 828 19.71 23 NOP SG 42
8%
431 Christian Koloko 238 6.43 24 LAL C 37
8%
481 JD Davison 90 4.74 22 BOS PG 19
8%
245 Ricky Council IV 985 13.49 23 PHI SF 73
8%
395 Trevelin Queen 323 10.42 27 ORL SG 31
8%
326 Tristan Vukcevic 572 16.34 21 WAS C 35
8%
434 Branden Carlson 231 7.19 25 OKC C 33
7%
380 Charles Bassey 387 10.75 24 SAS C 36
7%
438 Drew Timme 219 24.33 24 BRK PF 9
7%
457 JT Thor 148 7.4 22 CLE,WAS PF 20
7%
486 Sidy Cissoko 86 3.91 20 POR,SAS SF 22
7%
497 Chris Duarte 74 4.35 27 CHI SG 17
6%
460 Chuma Okeke 145 12.08 26 CLE,PHI PF 12
6%
394 David Roddy 330 10 23 ATL,HOU,PHI PF 33
6%
477 Enrique Freeman 100 4.55 24 IND PF 22
6%
421 Jaden Springer 261 6.07 22 BOS,UTA SG,PG 43
6%
253 Jeremiah Robinson-Earl 955 14.47 24 NOP PF 66
6%
257 Johnny Juzang 938 14.66 23 UTA SG 64
6%
368 Micah Potter 416 10.95 26 UTA C 38
6%
483 Patrick Baldwin Jr. 89 3.71 22 LAC,WAS SF 24
6%
388 Jamal Cain 357 9.65 25 NOP SF 37
5%
330 Jeff Dowtin 537 13.1 27 PHI PG 41
5%
304 Karlo Matkovic 689 16.4 23 NOP PF 42
5%
482 Oshae Brissett 89 14.83 26 PHI SF 6
5%
493 RayJ Dennis 79 7.18 23 IND PG 11
5%
479 Tyson Etienne 92 13.14 25 BRK PG 7
5%
455 Alex Reese 151 10.07 25 OKC,PHI PF 15
4%
398 Colin Castleton 319 12.27 24 MEM,PHI,TOR C 26
4%
322 DaQuan Jeffries 607 12.91 27 CHO SG 47
4%
333 Tosan Evbuomwan 531 18.96 23 BRK SF 28
4%
425 Trey Jemison 256 6.74 25 LAL,NOP C 38
4%
468 Adam Flagler 127 3.43 25 OKC SG 37
3%
494 Alex Ducas 77 3.67 24 OKC SG 21
3%
453 Bruno Fernando 158 9.29 26 TOR C 17
3%
492 Elijah Harkless 80 8 24 UTA SG 10
3%
467 Jaylen Nowell 128 16 25 NOP SG 8
3%
485 Kylor Kelley 87 7.91 27 DAL,NOP C 11
3%
454 Lester Quinones 158 12.15 24 NOP,PHI SG 13
3%
408 Reece Beekman 293 8.14 23 BRK,GSW PG 36
3%
478 Cole Swider 98 9.8 25 DET,TOR SF 10
2%
410 Damion Baugh 288 19.2 24 CHO SG 15
2%
439 Isaiah Wong 219 10.95 24 CHO SG 20
2%
443 Jared Rhoden 204 14.57 25 CHO,TOR SG 14
2%
422 Oscar Tshiebwe 261 18.64 25 UTA C 14
2%
No matching quizzes found
Score Distribution
Percent of People with Each Score
Percentile by Number Answered
Your Score History
You have not taken this quiz since the last reset